000 00760nam a22001937a 4500
999 _c4393
_d4393
003 AR-CdUCM
008 190308b ||||| |||| 00| 0 spa d
040 _aMUNICIPALIDAD PROVINCIAL DEL CUSCO
_cBIBLIOTECA MUNICIPAL DEL CUSCO
082 _a379.850 /
_bV17
100 _aValcarcel, Carlos Daniel
_96185
245 _aHistoria de la Educacion Incaica
300 _a140 páginas ;
_c23.3 cm.
505 _aContenido : Cultura del Tawantinsuyu -- El Problema -- Prolegómeno Heuristico -- Antecedentes Preincaicos -- El Educador Incaico -- Modos Educativos -- Instituciones de Enseñanza...
650 _aCulturas Incaicas
_913862
650 _aPedagogia en el Tawantinsuyo
_913863
650 _aEducacion Incaica
_913864
942 _2ddc
_cLIBROS
945 _artm